000 00737cab a2200193 4500
001 ABS38505
008 090401t1988 xxu||||| |||| 00| 0 eng d
035 _a(Sirsi) u11024
041 _aeng
100 _aRuddock, L.
245 _aDLOs in a changing environment
260 _c1988
350 _a0
490 _aBuilding Technology & Management
_v25(6) December 1987/January 1988, 20-23(3)
520 _aDiscusses the powers of the SoS Environment under the Local Government Planning and Land Act 1980 to demand reports on and ultimately close direct labour organisations if they fail to meet the requirements of the act so creating a more competitive climate.
690 _aBUILT ENVIRONMENT
942 _n0
948 _c04/03/1997
999 _c7027
_d7027